书目信息 |
| 题名: |
系统解剖学应试向导
|
|
| 作者: | 李广君 主编 | |
| 分册: | ||
| 出版信息: | 上海 同济大学出版社 2003.09 |
|
| 页数: | 255页 | |
| 开本: | 23cm | |
| 丛书名: | 医学专业必修课辅导系列丛书 | |
| 单 册: | ||
| 中图分类: | R322 | |
| 科图分类: | ||
| 主题词: | 系统解剖学--医学院校--教学参考资料 | |
| 电子资源: | ||
| ISBN: | 7-5608-2686-5 | |
| 000 | 00695nam2 2200229 45 | |
| 001 | 012004000000 | |
| 005 | 20050112151038.83 | |
| 010 | @a7-5608-2686-5@dCNY 23.00 | |
| 100 | @a20041130d2003 em y0chiy0121 ea | |
| 101 | 0 | @achi |
| 102 | @aCN@b310000 | |
| 105 | @ay z 000yy | |
| 200 | 1 | @a系统解剖学应试向导@Axi tong jie pou xue ying shi xiang dao@f李广君主编 |
| 210 | @a上海@c同济大学出版社@d2003.09 | |
| 215 | @a255页@d23cm | |
| 225 | 2 | @a医学专业必修课辅导系列丛书 |
| 410 | 0 | @12001 @a医学专业必修课辅导系列丛书 |
| 606 | 0 | @a系统解剖学@x医学院校@j教学参考资料 |
| 690 | @aR322@v4 | |
| 701 | 0 | @a李广君@Ali guang jun@4主编 |
| 801 | 0 | @aCN@bQSSKxf@c20050112 |
| 905 | @a10447@dR322@eL160 | |
| 系统解剖学应试向导/李广君主编.-上海:同济大学出版社,2003.09 |
| 255页;23cm.-(医学专业必修课辅导系列丛书) |
| ISBN 7-5608-2686-5:CNY 23.00 |
| ● |
| 相关链接 |
|
|
|
正题名:系统解剖学应试向导
索取号:R322/L160
 
预约/预借
| 序号 | 登录号 | 条形码 | 馆藏地/架位号 | 状态 | 备注 |
| 1 | 436637 | 204366373 | 自科库401/401自科库 14排1列1层/ [索取号:R322/L160] | 在馆 | |
| 2 | 436638 | 204366382 | 自科库401/401自科库 14排1列1层/ [索取号:R322/L160] | 在馆 |